Hydraulics / (Record no. 17057)
[ view plain ]
| 000 -LEADER | |
|---|---|
| fixed length control field | 00674pam a2200229 a 4500 |
| 001 - CONTROL NUMBER | |
| control field | 4470178 |
| 005 - DATE AND TIME OF LATEST TRANSACTION | |
| control field | 20121003154200.0 |
| 008 - FIXED-LENGTH DATA ELEMENTS--GENERAL INFORMATION | |
| fixed length control field | 960327s1997 njua b 001 0 eng |
| 020 ## - INTERNATIONAL STANDARD BOOK NUMBER | |
| International Standard Book Number | 0132135132 |
| 020 ## - INTERNATIONAL STANDARD BOOK NUMBER | |
| International Standard Book Number | 9780132135139 |
| 082 00 - DEWEY DECIMAL CLASSIFICATION NUMBER | |
| Classification number | 627 |
| Edition number | 22 |
| Item number | SIM |
| 100 1# - MAIN ENTRY--PERSONAL NAME | |
| Personal name | Simon, Andrew L. |
| 9 (RLIN) | 31061 |
| 245 10 - TITLE STATEMENT | |
| Title | Hydraulics / |
| Statement of responsibility, etc | Andrew L. Simon, Scott F. Korom. |
| 250 ## - EDITION STATEMENT | |
| Edition statement | 4th ed. |
| 260 ## - PUBLICATION, DISTRIBUTION, ETC. (IMPRINT) | |
| Place of publication, distribution, etc | Upper Saddle River, NJ : |
| Name of publisher, distributor, etc | Prentice Hall, |
| Date of publication, distribution, etc | 1997. |
| 300 ## - PHYSICAL DESCRIPTION | |
| Extent | xii, 445 p. : |
| Other physical details | ill. ; |
| Dimensions | 24 cm. |
| 504 ## - BIBLIOGRAPHY, ETC. NOTE | |
| Bibliography, etc | Includes bibliographical references and index. |
| 650 #0 - SUBJECT ADDED ENTRY--TOPICAL TERM | |
| Topical term or geographic name as entry element | Hydraulics. |
| 9 (RLIN) | 31062 |
| 653 ## - INDEX TERM--UNCONTROLLED | |
| Resource For college | |
| Arrived date list | October2012 |
| 700 1# - ADDED ENTRY--PERSONAL NAME | |
| Personal name | Korom, Scott F. |
| 9 (RLIN) | 31063 |
| 942 ## - ADDED ENTRY ELEMENTS (KOHA) | |
| Source of classification or shelving scheme | Dewey Decimal Classification |
| Item type | Book - Borrowing |
| Withdrawn status | Item status | Source of classification or shelving scheme | Damaged status | Not for loan | Vendor | Home library | Current library | Shelving location | Date acquired | Source of acquisition | Cost, normal purchase price | Serial Enumeration / chronology | Total Checkouts | Full call number | Barcode | Date last seen | Koha item type | Total Renewals | Date last borrowed | Materials specified (bound volume or other part) |
|---|---|---|---|---|---|---|---|---|---|---|---|---|---|---|---|---|---|---|---|---|
| Dewey Decimal Classification | Baccah | Central Library | Central Library | First floor | 03/10/2012 | 190.00 | 3 | 627 SIM | 000027553 | 15/07/2025 | NB - Book (Non borrowing) | |||||||||
| Dewey Decimal Classification | Baccah | Central Library | Central Library | First floor | 03/10/2012 | 190.00 | 3 | 4 | 627 SIM | 000027588 | 15/07/2025 | Book - Borrowing | 21 | 02/10/2018 | ||||||
| Dewey Decimal Classification | Baccah | Central Library | Central Library | First floor | 03/10/2012 | 190.00 | 3 | 2 | 627 SIM | 000027589 | 15/07/2025 | Book - Borrowing | 7 | 23/12/2018 | ||||||
| Lost | Dewey Decimal Classification | Baccah | Central Library | Central Library | First floor | 03/10/2012 | 190.00 | 3 | 627 SIM | 000027590 | 23/06/2013 | Book - Borrowing | Lost In Inventory_2015-8-23 | |||||||
| Dewey Decimal Classification | Baccah | Central Library | Central Library | First floor | 03/10/2012 | 190.00 | 3 | 1 | 627 SIM | 000027591 | 15/07/2025 | Book - Borrowing | 7 | 24/10/2012 | ||||||
| Dewey Decimal Classification | Baccah | Central Library | Central Library | First floor | 03/10/2012 | 190.00 | 3 | 2 | 627 SIM | 000027592 | 15/07/2025 | Book - Borrowing | 13 | 30/09/2018 |